| 000 | 01121nam a22002897a 4500 | ||
|---|---|---|---|
| 003 | OSt | ||
| 005 | 20150408114219.0 | ||
| 008 | 140520s2013 paua g b 001 0 eng d | ||
| 020 | _a9781466642133 (hardcover) | ||
| 020 | _z9781466642140 (ebook) | ||
| 020 | _z9781466642157 (print & perpetual access) | ||
| 040 | _aMa-Un | ||
| 082 | 0 | 0 |
_222 _a006.312 _bBVD |
| 100 | 1 |
_aBhatnagar, Vishal, _d1977- _945464 |
|
| 245 | 1 | 0 |
_aData mining in dynamic social networks and fuzzy systems / _cVishal Bhatnagar. |
| 300 |
_axxviii, 382 p. : _bill. ; _c29 cm. |
||
| 490 | 0 |
_aAdvances in data mining and database management (ADMDM) book series, _x2327-1981 |
|
| 490 | 0 | _aPremier reference source | |
| 504 | _aIncludes bibliographical references (pages 346-373) and index. | ||
| 650 |
_aSocial networks _xResearch _945465 |
||
| 650 |
_aSocial sciences _xNetwork analysis _945466 |
||
| 650 |
_aOnline social networks _xResearch _945467 |
||
| 650 | _aData mining | ||
| 650 | _aFuzzy systems | ||
| 942 |
_2ddc _cBOOK |
||
| 999 |
_c35217 _d269717 |
||